Finance & Development

Salvato in:
Dettagli Bibliografici
Natura: Periodico
Lingua:inglese
Pubblicazione: Washington International Monetary Fund
Soggetti:
Tags: Aggiungi Tag
Nessun Tag, puoi essere il primo ad aggiungerne!!

MARC

LEADER 00000nas1a22000001 4500
001 s120169
005 20230620111931.6
022 |a 0015-1947 
041 0 |a eng 
044 |a US 
245 1 0 |a Finance & Development 
264 1 |a Washington  |b International Monetary Fund 
610 2 0 |a financie 
610 2 0 |a banky 
610 2 0 |a Medzinárodný menový fond